The syntax of aspect: deriving thematic and aspectual interpretation

Kaydedildi:
Detaylı Bibliyografya
Asıl Yazarlar: Erteschik-Shir, Nomi (Yazar), Rapoport, Tova (Yazar)
Materyal Türü: Kitap
Dil:İngilizce
Baskı/Yayın Bilgisi: Oxford Oxford University 2005
Edisyon:1a. ed
Seri Bilgileri:Oxford Studies in Theoretical Linguistics
Konular:
Etiketler: Etiketle
Etiket eklenmemiş, İlk siz ekleyin!

MARC

LEADER 00000nam a2200000 a 4500
001 UCJ9168
003 CL-VaPUC
008 070309e20050000UK |||||||||||||||||eng|d
020 |a 0199280444 
082 0 4 |a 415.63  |b ERT  |2 21 
100 0 |a Erteschik-Shir, Nomi  |e author  |9 519068 
700 0 |a Rapoport, Tova  |e author  |9 519069 
245 1 4 |a The syntax of aspect: deriving thematic and aspectual interpretation 
250 |a 1a. ed 
300 |a 309 p 
942 |c BK 
945 |d 20070309 00:00:00  |a cmena 
260 |a Oxford  |b Oxford University  |c 2005 
650 0 |a Gramática  |9 270497 
650 0 |a Sintaxis  |9 318843 
650 0 |a Lexicografía  |9 321487 
583 |a last modification  |c 20070309 00:00:00  |k Rodrigo Vera 
490 0 |a Oxford Studies in Theoretical Linguistics 
999 |c 324754  |d 324752 
952 |0 0  |1 0  |4 0  |6 415_630000000000000_ERT_2005  |7 0  |8 A  |9 405113  |a FDOPOS  |b FDOPOS  |d 2019-11-22  |i 4323467  |o 415.63 ERT 2005  |p 4323467  |r 2025-01-22  |w 2019-11-22  |y BK  |k MLA